|
|
|
|
| LEADER |
00000nab a2200000 4500 |
| 001 |
vtls012227611 |
| 003 |
SK-MaSNL |
| 005 |
20260304180632.0 |
| 008 |
230416|2022 xo |||| ||an ||00 0|slo |
| 015 |
|
|
|a SNBRB2023/04
|
| 040 |
|
|
|a SPKCL
|b slo
|e rda
|
| 041 |
|
|
|a slo
|b eng
|
| 044 |
|
|
|a xo
|c SK
|
| 072 |
|
7 |
|a 811.162.4
|x Slovenčina
|2 konspekt
|
| 080 |
|
|
|a 811.162.4
|2 2011
|
| 100 |
1 |
|
|a Kralčák, Ľubomír,
|d 1955-
|4 aut
|
| 245 |
1 |
0 |
|a Teória spisovného jazyka a jazykovej kultúry v časopise Slovenská reč
|c Ľubomír Kralčák
|
| 336 |
|
|
|a text
|b txt
|2 rdacontent
|
| 337 |
|
|
|a bez média
|b n
|2 rdamedia
|
| 338 |
|
|
|a zväzok
|b nc
|2 rdacarrier
|
| 504 |
|
|
|a Obsahuje bibliografiu
|
| 546 |
|
|
|a Anglické resumé
|
| 630 |
0 |
7 |
|a Slovenská reč (časopis)
|2 snkbucl
|9 618883
|
| 650 |
0 |
7 |
|a spisovný jazyk
|2 SNKPH
|9 1367
|
| 650 |
0 |
7 |
|a slovenčina
|2 SNKPH
|9 1350
|
| 773 |
0 |
|
|t Slovenská reč
|g Roč. 87, č. 3 (2022), s. 441-480
|x 1335-5864
|
| 958 |
|
|
|a NB
|
| 999 |
|
|
|c 3018939
|d 3020869
|